ARRUPE JESUIT UNIVERSITY

CORONAVIRUS -STOP THE SPREAD - CLEAN,DISINFECT,COVER

The cultural unity of Black Africa: (Record no. 8427)

MARC details
000 -LEADER
fixed length control field 00521nam a2200205Ia 4500
003 - CONTROL NUMBER IDENTIFIER
control field 0100
005 - DATE AND TIME OF LATEST TRANSACTION
control field 20171122160017.0
008 - FIXED-LENGTH DATA ELEMENTS--GENERAL INFORMATION
fixed length control field 130303s9999 xx 000 0 und d
020 ## - INTERNATIONAL STANDARD BOOK NUMBER
International Standard Book Number 907015441
040 ## - CATALOGING SOURCE
Transcribing agency ARRUPELIB
050 ## - LIBRARY OF CONGRESS CALL NUMBER
Classification number GN479.5.D5613 1989
300 ## - PHYSICAL DESCRIPTION
Other physical details 22cm
100 ## - MAIN ENTRY--PERSONAL NAME
Personal name Diop, Cheikh Anta
9 (RLIN) 32345
245 ## - TITLE STATEMENT
Title The cultural unity of Black Africa:
245 ## - TITLE STATEMENT
Remainder of title the domains of patriarchy and of matriarchy in classical antiquity
260 ## - PUBLICATION, DISTRIBUTION, ETC. (IMPRINT)
Place of publication, distribution, etc London, Lawrenceville, N.J.
Name of publisher, distributor, etc Karnak House
Date of publication, distribution, etc 1989
300 ## - PHYSICAL DESCRIPTION
Extent 208 p.
650 ## - SUBJECT ADDED ENTRY--TOPICAL TERM
Topical term or geographic name as entry element Matriarchy
9 (RLIN) 37712
650 ## - SUBJECT ADDED ENTRY--TOPICAL TERM
Topical term or geographic name as entry element Patriarchy
9 (RLIN) 37713
650 ## - SUBJECT ADDED ENTRY--TOPICAL TERM
Topical term or geographic name as entry element Civilization, Ancient
9 (RLIN) 28896
700 ## - ADDED ENTRY--PERSONAL NAME
Personal name Cheikh Anta Diop
9 (RLIN) 37714
942 ## - ADDED ENTRY ELEMENTS (KOHA)
Source of classification or shelving scheme Library of Congress Classification
Koha item type Monograph ( Printed materials)
Holdings
Withdrawn status Lost status Source of classification or shelving scheme Damaged status Not for loan Collection code Home library Current library Shelving location Date acquired Total Checkouts Full call number Barcode Date last seen Date checked out Copy number Price effective from Koha item type
    Library of Congress Classification     Main Collection ARRUPE LIBRARY ARRUPE LIBRARY Main Collection 04/03/2013 1 GN479.5.D5613 1989 46003044164 19/04/2018 22/03/2018 1 04/03/2013 Monograph ( Printed materials)
    Library of Congress Classification     Main Collection ARRUPE LIBRARY ARRUPE LIBRARY Main Collection 04/03/2013 2 GN479.5.D5613 1989 46600002082 01/11/2019 15/10/2019 2 04/03/2013 Monograph ( Printed materials)

 

Arrupe Library. PO Box MP320 Mt Pleasant, Harare, Zimbabwe
263 242 745411|librarian@aju.ac.zw